000 00997nabaa22001937a 4500
999 _c6137
_d6137
003 OSt
005 20260122225058.0
008 190701b xxu||||| |||| 00| 0 spa d
040 _cPJ
100 _94410
_aSalgan Ruiz, Leandro G.
245 1 0 _aNuevas fronteras del reglamento de investigaciones administrativas en el derecho disciplinario /
_cLeandro Salgan Ruiz.
300 _ap. 56-67
505 _aSumario: I. Objeto del trabajo.— II. Control de convencionalidad.— III. Tutela administrativa efectiva.— IV. Audiencias a distancia.— V. Rolde parte acusadora de la Oficina Anticorrupción.— VI. Perspectiva de género.— VII. Reflexiones.
505 _t¿Te interesa el texto completo? Comunicate al correo: koha@justierradelfuego.gov.ar
650 0 _9211
_aDERECHO ADMINISTRATIVO
650 0 _93828
_aSANCIONES DISCIPLINARIAS
773 0 _02842
_93251
_dBuenos Aires : AbeledoPerrot, 2012-
_oDA121
_tDerecho administrativo. Nº 149 septiembre/octubre 2023
_z18510590
942 _2udc
_cANA